000 00539nam a2200229Ia 4500
003 OSt
005 20220912152739.0
006 a|||||r|||| 00| 0
007 ta
008 220909b |||||||| |||| 00| 0 eng d
024 _a36478
037 _cTextual
040 _aCSL
_beng
_cCSL
041 _aeng
082 _aB37:1-1, G7
100 _aKestelman H
245 0 _aModern theories of integration
260 _c1937
300 _ap.
_ccm.
942 _hB37:1-1, G7
_cTEXL
_2CC
999 _c91067
_d91067